[Event "AUT-chT2S 9394"]
[Site "AUT"]
[Date "1994.??.??"]
[Round "?"]
[White "Podvrsnik, Marko"]
[Black "Titz, Heimo"]
[Result "1/2-1/2"]
[WhiteElo "2215"]
[BlackElo "2290"]

1.d4 Nf6 2.c4 e6 3.g3 c5 4.d5 exd5 5.cxd5 d6 6.Nc3 g6 7.Bg2 Bg7 8.Nf3 O-O
9.O-O Na6 10.Nd2 Nc7 11.a4 b6 12.Nc4 Ba6 13.Qb3 Bxc4 14.Qxc4 a6 15.Qh4 Nd7
16.Qxd8 Raxd8 17.Bg5 Bf6 18.Bxf6 Nxf6 19.e4 Rfe8 20.Rfe1 b5 21.axb5 axb5
22.Rad1 b4 23.Na4 Nd7 24.f4 Nb5 25.e5 dxe5 26.fxe5 Rxe5 27.Rxe5 Nxe5 28.Nxc5 Nd6
29.Na6 b3 30.Nc5 Rb8 31.Rc1 Nec4 32.Rc3 Nxb2 33.Rxb3 Rxb3 34.Nxb3 Kf8 35.Kf2 Ke7
36.Ke3 Nf5+ 37.Ke4 Kd6 38.g4 Nh4 39.Bf1 Na4 40.Nd2 Nb6 41.Nc4+ Nxc4 42.Bxc4 f6
43.Bb3 f5+ 44.Kf4 fxg4 45.Kxg4 Nf5 46.Kg5 Nd4 47.Kh6 Nf3 48.Kxh7 Nxh2 49.Kxg6 Nf3
50.Kf6 Nd4 51.Bc4 Nc2 52.Bb3  1/2-1/2

[Event "EUCup Gr4"]
[Site "Balatonbereny"]
[Date "1994.??.??"]
[Round "?"]
[White "Osmanbegovic, Suad"]
[Black "Vargic, Drago"]
[Result "0-1"]
[WhiteElo "2320"]
[BlackElo "2295"]

1.d4 Nf6 2.c4 e6 3.g3 c5 4.Nf3 cxd4 5.Nxd4 Nc6 6.Bg2 Qb6 7.Nb3 a5 8.O-O a4
9.N3d2 h5 10.Nc3 h4 11.Nde4 Nxe4 12.Nxe4 hxg3 13.hxg3 Ra5 14.Be3 Qxb2 15.Nd6+ Bxd6
16.Qxd6 Qe5 17.Qd2 Qh5 18.f4 Qh2+ 19.Kf2 Rh3 20.Bb6 Qxg3+ 21.Kg1 Rah5  0-1

[Event "JUG-chT Cup"]
[Site "Becici"]
[Date "1994.??.??"]
[Round "?"]
[White "Stamenkovic, Zoran"]
[Black "Drasko, Milan"]
[Result "1/2-1/2"]
[WhiteElo "2405"]
[BlackElo "2545"]

1.d4 Nf6 2.c4 e6 3.g3 c5 4.d5 exd5 5.cxd5 d6 6.Nc3 g6 7.Bg2 Bg7 8.Nf3 O-O
9.O-O Na6 10.h3 Nc7 11.e4 Nd7 12.Bf4 Qe7 13.a4 f6 14.Re1  1/2-1/2

[Event "Buenos Aires GP1"]
[Site "Buenos Aires"]
[Date "1994.??.??"]
[Round "8"]
[White "Filgueira, Hernan"]
[Black "Bronstein, Luis"]
[Result "1/2-1/2"]
[WhiteElo "2290"]
[BlackElo "2380"]

1.d4 Nf6 2.c4 e6 3.g3 c5 4.d5 exd5 5.cxd5 d6 6.Nc3 g6 7.Bg2 Bg7 8.Nf3 O-O
9.O-O a6 10.a4 Nbd7 11.Bf4 Qc7 12.Rc1 Rb8 13.b4 Nh5 14.Be3 Re8 15.Qd2 Nb6
16.Na2 Nxa4 17.bxc5 Nxc5 18.Bxc5 dxc5 19.d6 Qd8 20.Rxc5 Nf6 21.Ne5 Re6 22.d7 Bxd7
23.Nxd7 Qxd7 24.Qc2 Ree8 25.Rc1 Qe6 26.e3 Ne4 27.Rc7 a5 28.Rd1 b5 29.Rdd7 Nd6
30.Qd3 Qxa2 31.Rxd6 Qa1+ 32.Bf1  1/2-1/2

[Event "Cappelle op"]
[Site "Cappelle la Grande"]
[Date "1994.??.??"]
[Round "2"]
[White "Todorov, Ognjan"]
[Black "Solozhenkin, Evgeniy"]
[Result "1-0"]
[WhiteElo "2400"]
[BlackElo "2525"]

1.d4 Nf6 2.c4 e6 3.g3 c5 4.d5 exd5 5.cxd5 d6 6.Nc3 g6 7.Bg2 Bg7 8.Nf3 O-O
9.O-O Na6 10.Nd2 Nc7 11.Nc4 Nfe8 12.a4 b6 13.Qd2 Ba6 14.b3 Bxc4 15.bxc4 a6
16.Rb1 Rb8 17.Bh3 Nf6 18.Qd3 Nd7 19.f4 f5 20.Bd2 Nf6 21.Rb3 Re8 22.Bg2 Qe7
23.e3 a5 24.Qb1 Ng4 25.Re1 Qd7 26.h3 Bxc3 27.Rxc3 Nf6 28.Rb3 Ne4 29.Bxe4 Rxe4
30.Rxb6 Rxb6 31.Qxb6 Rxc4 32.Bxa5 Nxd5 33.Qb8+ Kg7 34.Rb1 Qe6 35.Rb7+ Ne7
36.Bd2 Qe4 37.Rd7 Rxa4 38.Qe8 Ra1+ 39.Kf2 Rf1+ 40.Kxf1 Qf3+ 41.Ke1 Qh1+ 42.Ke2 Qg2+
43.Kd1  1-0

[Event "CZE-ch"]
[Site "?"]
[Date "1994.??.??"]
[Round "6"]
[White "Hausner, Ivan"]
[Black "Havranek, Miroslav"]
[Result "1-0"]
[WhiteElo "2480"]
[BlackElo "2340"]

1.c4 Nf6 2.d4 e6 3.g3 c5 4.d5 exd5 5.cxd5 d6 6.Nc3 g6 7.Bg2 Bg7 8.Nf3 O-O
9.O-O Re8 10.Bf4 a6 11.a4 Nh5 12.Bg5 Qc7 13.Qd2 Nd7 14.Rfc1 b6 15.Rab1 Ne5
16.Nxe5 Bxe5 17.b4 Bd7 18.a5 Rab8 19.axb6 Rxb6 20.bxc5 Rxb1 21.Nxb1 dxc5
22.Na3 Bb5 23.Nc4 Bxc4 24.Rxc4 Rb8 25.Bf3 Ng7 26.Qc2 Rb5 27.Be3 Bd6 28.Be4 Ne8
29.Ra4 Ra5 30.Bd3 Qb6 31.Bd2 Rxa4 32.Qxa4 Nf6 33.Qa2 Qb7 34.e4 Qb6 35.Bc3 Nd7
36.Qxa6 Qxa6 37.Bxa6 Kf8 38.f4 Nb6 39.Bb5 Bc7 40.Bc6 Ke7 41.e5 Bd8 42.Ba5 f6
43.Kf2 fxe5 44.fxe5 Nc4 45.d6+ Ke6 46.Bxd8 Nxe5 47.Bf3 Kxd6 48.Bg5 Ke6 49.Bf4 Nf7
50.Ke3 h5 51.Ke4 g5 52.Bxh5  1-0

[Event "CZE-ch"]
[Site "?"]
[Date "1994.??.??"]
[Round "11"]
[White "Haba, Petr"]
[Black "Vokac, Marek"]
[Result "1/2-1/2"]
[WhiteElo "2475"]
[BlackElo "2485"]

1.d4 Nf6 2.c4 e6 3.g3 c5 4.Nf3 a6 5.Bg2 b5 6.Ne5 Ra7 7.cxb5 axb5 8.dxc5 Bxc5
9.Nc3 Bb7 10.O-O Bxg2 11.Kxg2 b4 12.Na4 Be7 13.Be3 Ra8 14.Rc1 O-O 15.Nb6 Rxa2
16.Rc8 Qxc8 17.Nxc8 Rxc8 18.Qb1 Ra5 19.Rc1 Rxc1 20.Qxc1 Rxe5 21.Qc8+ Bf8
22.Qxb8 Rxe3 23.fxe3 d5 24.Qa8 h5 25.Qd8 Ne4 26.Kf1 g6 27.Ke1 Kg7 28.Kd1 Bc5
29.Qb8 Bd6 30.Qb7 Bc5 31.Kc2 Bd6 32.Qb5 Bf8 33.Qd3 Bc5 34.Kb3 Bf8 35.Qd4+ Kg8
36.Ka4 Bc5 37.Qd3 Bf8 38.Kb5 Bd6 39.Kc6 Bf8 40.Qd4 Be7 41.Qe5 Bf8 42.Qf4 Kg7
43.Qh4 Kg8 44.g4 hxg4 45.Qxg4 Bg7 46.b3 Bc3 47.Qf4 Kg7 48.Kd7 Nf6+ 49.Ke7 Ng8+
50.Ke8 Nf6+ 51.Ke7 Ng8+ 52.Kd8 Nf6 53.h4 Nh5 54.Qf3 Nf6 55.Qf4 Nh5 56.Qf3 Nf6
57.h5 Nxh5 58.e4 Nf6 59.exd5 exd5 60.Ke7 Ng8+ 61.Kd6  1/2-1/2

[Event "Djakovo op"]
[Site "Djakovo"]
[Date "1994.??.??"]
[Round "2"]
[White "Hulak, Krunoslav"]
[Black "Dusper, Hrvoje"]
[Result "1-0"]
[WhiteElo "2530"]
[BlackElo "2230"]

1.d4 Nf6 2.c4 e6 3.g3 c5 4.d5 exd5 5.cxd5 d6 6.Bg2 g6 7.Nf3 Bg7 8.O-O O-O
9.a4 Na6 10.Nfd2 Nb4 11.Nc3 b6 12.Nc4 Ba6 13.Nb5 Bxb5 14.axb5 a6 15.bxa6 b5
16.Na5 Qb6 17.Nc6 Nxc6 18.dxc6 d5 19.Bxd5 Nxd5 20.Qxd5 Rfc8 21.Rd1 Bd4 22.Rxd4 cxd4
23.Bh6 Qxc6 24.Qxd4 f6 25.h4 Rd8 26.Qb4 Rxa6 27.Rc1 Qd6 28.Qxb5 Rb6 29.Qc4+ Kh8
30.Qf7  1-0

[Event "Linares op"]
[Site "Linares"]
[Date "1994.??.??"]
[Round "9"]
[White "Levin, Felix"]
[Black "Foisor, Ovidiu"]
[Result "1-0"]
[WhiteElo "2495"]
[BlackElo "2435"]

1.d4 Nf6 2.c4 e6 3.g3 c5 4.Nf3 cxd4 5.Nxd4 Qb6 6.Bg2 Bc5 7.e3 Nc6 8.Nb3 Bb4+
9.Bd2 Ne5 10.Qc2 d5 11.cxd5 exd5 12.O-O Bg4 13.Bxb4 Qxb4 14.Nd4 O-O 15.Nc3 Rfd8
16.h3 Be6 17.Qb3 a5 18.Ncb5 Bd7 19.Nc7 Rab8 20.Nxd5 Nxd5 21.Qxd5 Nc6 22.a3 Qxb2
23.Nxc6 Bxc6 24.Qxa5 Bxg2 25.Kxg2 Ra8 26.Qb4 Qxb4 27.axb4 Kf8 28.Rxa8 Rxa8
29.Rc1 b5 30.Rc5 Rb8 31.Rc7 h5 32.Kf3 g6 33.g4 hxg4+ 34.hxg4 Kg7 35.g5 Re8
36.Rc5 Rb8 37.Ke4 Rb7 38.Kd5  1-0

[Event "Lloyds Bank op"]
[Site "London"]
[Date "1994.??.??"]
[Round "7"]
[White "Ben Menachem, Itzhak"]
[Black "Webb, Laurence"]
[Result "1/2-1/2"]
[WhiteElo "2345"]
[BlackElo "2240"]

1.d4 Nf6 2.c4 e6 3.g3 c5 4.d5 exd5 5.cxd5 b5 6.Bg2 d6 7.a4 b4 8.Nh3 Be7 9.O-O O-O
10.b3 a5 11.e4 Bxh3 12.Bxh3 Nxe4 13.Nd2 Nxd2 14.Bxd2 Bf6 15.Rc1 Nd7 16.Re1 Nb6
17.Be3 Re8 18.Qd3 Ra7 19.Red1 Rae7 20.Qb5 Nd7 21.Bf4 Be5 22.Bg5 Nf6 23.Re1 h6
24.Bxf6 Bxf6 25.Rxe7 Rxe7 26.Rc2 Bd4 27.Re2 g6 28.Bf1 Kg7 29.Kg2 Rxe2 30.Qxe2 Qg5
31.Qf3 Qd2 32.Bc4 h5 33.h4 Qb2 34.Qe2 Qc1 35.Qf1 Qc3 36.Qe2 Be5 37.Qf3 f5
38.Qe2 Qd4 39.Qd3 Qc3 40.Qe2 Qd4 41.Qd3 f4 42.Qf3 fxg3 43.fxg3 Qd2+ 44.Kh3 Bd4
45.Qe2 Qxe2 46.Bxe2 Kf6 47.g4 Ke5 48.Bc4 Ke4 49.gxh5 gxh5 50.Kg2 Bc3 51.Kf2 Kf4
52.Kg2 Kg4 53.Ba6 Kxh4 54.Bd3 Kg4 55.Be2+ Kf4 56.Kh3 Ke3 57.Bc4 Be1 58.Bb5 Kd4
59.Bc4 Ke4 60.Kg2 h4  1/2-1/2

[Event "Moscow ol (Men)"]
[Site "Moscow"]
[Date "1994.??.??"]
[Round "4"]
[White "Tibensky, Robert"]
[Black "Romanishin, Oleg M"]
[Result "0-1"]
[WhiteElo "2440"]
[BlackElo "2605"]

1.d4 Nf6 2.c4 e6 3.g3 c5 4.d5 exd5 5.cxd5 d6 6.Bg2 g6 7.e4 Bg7 8.Ne2 O-O
9.O-O Re8 10.f3 b5 11.Na3 Ba6 12.Nc2 b4 13.Rf2 Nbd7 14.Bf1 Ne5 15.Nf4 Bxf1
16.Qxf1 c4 17.h4 a5 18.Be3 Rc8 19.Bd4 Nfd7 20.Rd2 Nc5 21.Ne3 c3 22.bxc3 bxc3
23.Rdd1 Na4 24.Ne2 Qd7 25.Kg2 Rc7 26.Rdc1 Rec8 27.Rc2 Nc4 28.Nxc4 Rxc4 29.Bxg7 Kxg7
30.h5 Qe7 31.Qc1 Qe5 32.hxg6 hxg6 33.Qe3 Rh8 34.Nf4 Qd4 35.Qe2 Nb2 36.Rac1 Rc5
37.Qa6 Nc4 38.Ne2 Qd3  0-1

[Event "Moscow ol (Men)"]
[Site "Moscow"]
[Date "1994.??.??"]
[Round "5"]
[White "Rahman, T."]
[Black "Teo Kok Siong"]
[Result "1-0"]
[WhiteElo "2310"]
[BlackElo "2370"]

1.d4 Nf6 2.c4 e6 3.g3 c5 4.Nf3 cxd4 5.Nxd4 Nc6 6.Bg2 Bc5 7.Nb3 Bb4+ 8.Bd2 d5
9.cxd5 Nxd5 10.a3 Bxd2+ 11.N1xd2 O-O 12.O-O b6 13.Rc1 Bb7 14.Nc4 Qe7 15.e4 Nf6
16.e5 Nd5 17.Qe2 Ba6 18.Qe4 Rad8 19.Rfe1 Qd7 20.Red1 f5 21.exf6 Rxf6 22.Ne3 Nce7
23.Ng4 Rf5 24.h4 h5 25.Ne3 Rf6 26.Bh3 Bb7 27.Bg2 Ba8 28.Qe5 Qa4 29.Rd3 Rdf8
30.Rf1 Nxe3 31.Rxe3 Nf5 32.Rd3 Bxg2 33.Kxg2 Qg4 34.Kh2 Rg6 35.Nd2 Nd4 36.f3 Nxf3+
37.Rdxf3 Rc8 38.R1f2 Rc2 39.Qb8+ Kh7 40.Rf8 Qxg3+ 41.Qxg3 Rxg3 42.Kxg3 Rxb2
43.Ne4 Rxf2 44.Kxf2 g6 45.Ng5+  1-0

[Event "Moscow op"]
[Site "Moscow"]
[Date "1994.??.??"]
[Round "8"]
[White "Mochalov, Evgeny V"]
[Black "Nedobora, Mikhail"]
[Result "1-0"]
[WhiteElo "2450"]
[BlackElo "2460"]

1.d4 Nf6 2.c4 e6 3.g3 c5 4.d5 exd5 5.cxd5 d6 6.Nc3 g6 7.Nf3 Bg7 8.Bg2 O-O
9.O-O a6 10.a4 Re8 11.Bf4 h6 12.a5 Nh5 13.Bd2 Nd7 14.Na4 Ndf6 15.Nb6 Rb8
16.Bc3 Bd7 17.Nd2 Bb5 18.Re1 Nd7 19.Ndc4 Nxb6 20.Nxb6 f5 21.e4 f4 22.Bf3 fxg3
23.hxg3 Qg5 24.Bd2 Qe5 25.Bc3 Qg5 26.Bd2 Qe5 27.Bxh5 Qxh5 28.Qxh5 gxh5 29.Bc3 Re7
30.f4 h4 31.e5 hxg3 32.exd6 Rf7 33.Re7 Rd8 34.Rxf7 Kxf7 35.Bxg7 Kxg7 36.Kg2 Rxd6
37.Kxg3 Bd3 38.Re1 Kf7 39.Re5 Rd8 40.Kf3 Bc2 41.Ke2 Bg6 42.Nc4 Kf6 43.Re6+ Kg7
44.Rd6 Re8+ 45.Ne5 Bf5 46.Rb6 Rb8 47.Kf3 Bc2 48.d6 Ba4 49.d7 Bb5 50.Rxb7  1-0

[Event "Moscow ol (Men)"]
[Site "Moscow"]
[Date "1994.??.??"]
[Round "11"]
[White "Hulak, Krunoslav"]
[Black "Anastasian, Ashot"]
[Result "0-1"]
[WhiteElo "2530"]
[BlackElo "2540"]

1.d4 Nf6 2.c4 e6 3.g3 c5 4.d5 exd5 5.cxd5 d6 6.Bg2 g6 7.Nf3 Bg7 8.O-O O-O
9.a4 Bf5 10.Nfd2 Bxb1 11.Rxb1 Nbd7 12.Nc4 Nb6 13.b3 Re8 14.Qd3 Qd7 15.a5 Nxc4
16.bxc4 Re7 17.e4 Rae8 18.f3 Qc7 19.Bd2 Nd7 20.h3 b6 21.f4 Bd4+ 22.Kh2 bxa5
23.Qc2 Nf6 24.Rfe1 a6 25.Re2 h5 26.Rbe1 Rb8 27.Qd3 a4 28.Qa3 Qd7 29.e5 Rb3
30.Qc1 Qf5 31.Be3 Rxe3 32.Rxe3 dxe5 33.fxe5 Rxe5 34.Rf3 Rxe1 35.Qxe1 Qd7
36.Qa5 Qd6 37.Qxa4 h4 38.Qc6 Qe5 39.Qxa6 Ne4 40.Qa8+ Kg7 41.Qb7 hxg3+  0-1

[Event "Moscow ol (Men)"]
[Site "Moscow"]
[Date "1994.??.??"]
[Round "13"]
[White "Moldobaev, Emil"]
[Black "Arnason, Jon L"]
[Result "1/2-1/2"]
[WhiteElo "2385"]
[BlackElo "2525"]

1.d4 Nf6 2.c4 e6 3.g3 c5 4.Nf3 cxd4 5.Nxd4 Bb4+ 6.Bd2 Qb6 7.e3 Nc6 8.Bg2 O-O
9.O-O d5 10.cxd5 exd5 11.Bxb4 Qxb4 12.Qb3 Qd6 13.Nc3 Nxd4 14.exd4 Be6 15.Rac1 Rfc8
16.Rfd1 g6 17.Nb5 Qd7 18.Rxc8+ Qxc8 19.Nc3 Qc6 20.Qc2 Bf5 21.Qb3 Be6 22.h3  1/2-1/2

[Event "PCA-op"]
[Site "New York"]
[Date "1994.??.??"]
[Round "9"]
[White "Orlov, Georgi"]
[Black "Razuvaev, Yuri S"]
[Result "1/2-1/2"]
[WhiteElo "2510"]
[BlackElo "2550"]

1.d4 Nf6 2.c4 e6 3.g3 c5 4.Nf3 cxd4 5.Nxd4 Qa5+ 6.Nd2 Nc6 7.Nxc6 dxc6 8.Bg2 e5
9.O-O Be6 10.Qc2 Be7 11.b3 O-O 12.Bb2 Rfd8 13.Nf3 Nd7 14.Rfd1 f6 15.Nh4 Nf8
16.a3 Rxd1+ 17.Rxd1 Rd8 18.b4 Rxd1+ 19.Qxd1 Qa6  1/2-1/2

[Event "NLD-chT9495"]
[Site "?"]
[Date "1994.??.??"]
[Round "9"]
[White "Van Heirzeele, Daniel"]
[Black "Van der Poel, Henk"]
[Result "1/2-1/2"]
[WhiteElo "2235"]
[BlackElo "2380"]

1.d4 Nf6 2.c4 e6 3.g3 c5 4.Nf3 cxd4 5.Nxd4 Nc6 6.Bg2 Bb4+ 7.Bd2 Qb6 8.Nb3 a5
9.O-O Bxd2 10.Qxd2 a4 11.Nc1 d5 12.Na3 O-O 13.Nd3 Rd8 14.Rac1 d4 15.c5 Qa5
16.Qxa5  1/2-1/2

[Event "BCF-ch"]
[Site "Norwich"]
[Date "1994.??.??"]
[Round "11"]
[White "Summerscale, Aaron"]
[Black "Emms, John M"]
[Result "1/2-1/2"]
[WhiteElo "2440"]
[BlackElo "2535"]

1.d4 Nf6 2.c4 e6 3.g3 c5 4.d5 exd5 5.cxd5 d6 6.Nc3 g6 7.Bg2 Bg7 8.Nf3 O-O
9.O-O Re8 10.Nd2 a6 11.a4 Nbd7 12.h3 Nh5 13.a5 b5 14.axb6 Nxb6 15.e4 Rb8
16.Re1 Qc7 17.Bf1 c4 18.Nf3 Nf6 19.Be3 Nfd7 20.Bd4 Ne5 21.Nxe5 dxe5 22.Be3 Bf8
23.Qc2 Bb4 24.Rec1 a5 25.Na4 Nxa4 26.Qxa4 Bd7 27.Qa2 Qb7 28.Qxc4 Rec8 29.Qe2 a4
30.Rxc8+ Rxc8 31.Rc1 Rxc1 32.Bxc1 Bc5 33.Qc2 Qb6 34.Kg2 h5 35.Bc4 Bd4 36.Qd2 Qc5
37.Ba2  1/2-1/2

[Event "Pardubice op2"]
[Site "Pardubice"]
[Date "1994.??.??"]
[Round "6"]
[White "Izdebski, R."]
[Black "Wilhelm"]
[Result "0-1"]
[WhiteElo "2150"]
[BlackElo "2020"]

1.d4 Nf6 2.c4 e6 3.g3 c5 4.Nf3 g6 5.Bg2 Bg7 6.O-O O-O 7.Nc3 cxd4 8.Nxd4 d5
9.cxd5 exd5 10.Nb3 Be6 11.Bg5 Nc6 12.Qd2 d4 13.Ne4 Nxe4 14.Bxe4 Qb6 15.Bh6 Bxh6
16.Qxh6 Bxb3 17.axb3 Qxb3 18.h4 Rfe8 19.Bf3 Ne5 20.Bg2 Nc6 21.h5 Rxe2 22.hxg6 hxg6
23.g4 Rxb2 24.g5 Qe6 25.Ra3 Rb3 26.Raa1 Qg4 27.Rae1 Rb2 28.Qh2 Qxg5 29.Qd6 Rd8
30.Qc7 d3 31.Re3 Nd4 32.Rh3 Ne2+ 33.Kh1 Nf4 34.Rg3 Qh4+ 35.Kg1 Ne2+  0-1

[Event "Pula PCA op"]
[Site "Pula"]
[Date "1994.??.??"]
[Round "?"]
[White "Hulak, Krunoslav"]
[Black "Romanishin, Oleg M"]
[Result "1-0"]
[WhiteElo "2530"]
[BlackElo "2585"]

1.d4 Nf6 2.c4 e6 3.g3 c5 4.d5 exd5 5.cxd5 d6 6.Bg2 g6 7.Nf3 Bg7 8.O-O O-O
9.a4 Bf5 10.Nfd2 Qd7 11.Re1 Na6 12.Nc3 Nb4 13.e4 Bg4 14.f3 Nd3 15.fxg4 Nxg4
16.Nf3 Nxe1 17.Qxe1 a6 18.a5 Bd4+ 19.Nxd4 cxd4 20.Na4 Rae8 21.h3 Ne3 22.Bxe3 dxe3
23.Qxe3 Qb5 24.Qd2 f5 25.Nc3 Qc4 26.Ra4 Qc7 27.exf5 Rxf5 28.Ne4 Rc8 29.Rd4 Qe7
30.h4 Qe5 31.Kh2 Rff8 32.Ng5  1-0

[Event "Skei"]
[Site "Skei"]
[Date "1994.??.??"]
[Round "6"]
[White "Scholseth, Tor Kristian"]
[Black "Lyrberg, Patrik"]
[Result "0-1"]
[WhiteElo "2305"]
[BlackElo "2415"]

1.d4 Nf6 2.c4 e6 3.g3 c5 4.Nf3 cxd4 5.Nxd4 Nc6 6.Bg2 Bb4+ 7.Bd2 Qb6 8.Nxc6 bxc6
9.O-O O-O 10.Nc3 d5 11.Rc1 Ba6 12.cxd5 cxd5 13.Be3 Qa5 14.a3 Be7 15.Bd4 Rfc8
16.Re1 Bb7 17.b4 Qa6 18.Qb3 Bd6 19.Bxf6 gxf6 20.e4 d4 21.Na4 Qb5 22.Bf1 Rxc1
23.Rxc1 Qe5 24.Bd3 Bxe4 25.Bxe4 Qxe4 26.Nc5 Bxc5 27.bxc5 Qc6 28.Qd1 e5 29.Qg4+ Kh8
30.Qf5 Rc8 31.h4 Qe6 32.Qe4 Rc6 33.h5 h6 34.Qh1 Kg7 35.Qe4 f5 36.Qd3 Qf6
37.Qc4 Qg5 38.Re1 f4 39.Qd5 Re6 40.c6 fxg3 41.fxg3 Qxg3+ 42.Qg2 Qxg2+ 43.Kxg2 Rxc6
44.Rxe5 Rd6 45.Kf2 d3 46.Ke1 Re6  0-1

[Event "Stockholm op2"]
[Site "Stockholm"]
[Date "1994.??.??"]
[Round "3"]
[White "Poulton, James"]
[Black "Griffiths, Paul"]
[Result "1-0"]
[WhiteElo "2330"]
[BlackElo "2245"]

1.d4 Nf6 2.c4 e6 3.g3 c5 4.Nf3 b6 5.d5 exd5 6.cxd5 d6 7.Bg2 g6 8.O-O Bg7
9.e4 O-O 10.e5 dxe5 11.Nxe5 Bb7 12.Nc3 Ne8 13.Re1 Kh8 14.Bf4 Na6 15.h4 Nf6
16.Qd2 Nh5 17.Bh6 Bxh6 18.Qxh6 Nb4 19.Rad1 Ng7 20.Be4 Kg8 21.a3 Na6 22.g4 f5
23.Nf3 Qd7 24.Ng5 Ne8 25.gxf5 gxf5 26.Bd3 Rf6 27.Rxe8+  1-0

[Event "SVK-chT"]
[Site "?"]
[Date "1994.??.??"]
[Round "?"]
[White "Tibensky, Robert"]
[Black "Banas, Jan"]
[Result "1/2-1/2"]
[WhiteElo "2425"]
[BlackElo "2380"]

1.d4 Nf6 2.c4 e6 3.g3 c5 4.d5 exd5 5.cxd5 d6 6.Bg2 g6 7.e4 Bg7 8.Ne2 O-O
9.O-O Re8 10.Qc2 b5 11.h3 Na6  1/2-1/2

[Event "Saba op"]
[Site "Villa Ballester"]
[Date "1994.??.??"]
[Round "6"]
[White "Arregui, Jose Luis"]
[Black "Sakurai, Leonardo"]
[Result "0-1"]
[WhiteElo "2340"]
[BlackElo "2270"]

1.d4 Nf6 2.c4 e6 3.g3 c5 4.d5 exd5 5.cxd5 g6 6.Bg2 d6 7.Nf3 Bg7 8.O-O O-O
9.Nc3 Re8 10.Nd2 Nbd7 11.Nc4 Nb6 12.Ne3 Ng4 13.Nxg4 Bxg4 14.h3 Bxc3 15.hxg4 Bg7
16.Qc2 Qd7 17.g5 Qa4 18.Qxa4 Nxa4 19.Rb1 Rxe2 20.Bf4 Bf8 21.Rfe1 Rae8  0-1

[Event "Cseppko op"]
[Site "Aggtelek"]
[Date "1995.??.??"]
[Round "?"]
[White "Gacso, Tibor"]
[Black "Polyak, Istvan"]
[Result "1-0"]
[WhiteElo "2230"]
[BlackElo "2085"]

1.d4 Nf6 2.c4 e6 3.g3 c5 4.Nf3 b6 5.d5 exd5 6.cxd5 d6 7.Nc3 g6 8.Bg2 Bg7
9.Qa4+ Bd7 10.Qb3 O-O 11.O-O a6 12.a4 Re8 13.Nd2 Bc8 14.Nc4 Ra7 15.Qxb6 Qxb6
16.Nxb6 Rae7 17.Bf4 Rb7 18.a5 Rd8 19.Nca4 Bf5 20.Rfe1 Bc2 21.Bd2 Bxa4 22.Rxa4 Nbd7
23.Nc4 Ne5 24.Nxe5 dxe5 25.e4 Nd7 26.b4 Bf8 27.bxc5 Nxc5 28.Ra2 Bd6 29.Bf1 Rdb8
30.Be3 Rb2 31.Rxb2 Rxb2 32.Rc1 Nxe4 33.Bxa6 Ra2 34.Bd3 f5 35.Bxe4 fxe4 36.Rc6 Bb4
37.a6 Kf7 38.a7 Ra1+ 39.Kg2  1-0

[Event "AUT-chT2S 9495"]
[Site "?"]
[Date "1995.??.??"]
[Round "2"]
[White "Krebs, Johann"]
[Black "Hoffmann, Erich"]
[Result "1/2-1/2"]
[WhiteElo "2120"]
[BlackElo "2070"]

1.d4 e6 2.c4 Nf6 3.g3 c5 4.Nf3 Qc7 5.Nc3 cxd4 6.Nxd4 a6 7.Bg2 Qxc4 8.Bf4 Nc6
9.Nxc6 bxc6 10.Rc1 Qb4 11.O-O Be7 12.a3 Qa5 13.Bd6 Qd8 14.Qd4 Bxd6 15.Qxd6 Qe7
16.Qc7 O-O 17.Na4 Qd8 18.Qxd8 Rxd8 19.Rfd1 d5 20.Nb6 Rb8 21.Rxc6 Bb7 22.Rc2 a5
23.Rdc1 Ba6 24.Na4 Bc4 25.Nc3 Bb3 26.Rd2 Kf8 27.e3 Rdc8 28.Ne2 Rxc1+ 29.Nxc1 Bc4
30.Bf3 Nd7 31.Bd1 Nc5 32.f3 Ke7 33.Kf2 f5 34.Ke1 Kd6 35.g4 h6 36.b3 Nxb3
37.Nxb3 Bxb3 38.Rb2 a4 39.Kd2 e5 40.Bxb3 axb3 41.Kc3 e4 42.Rxb3 Rc8+ 43.Kd2 Ra8
44.h3 Ra6 45.Rc3 Ra4 46.Kc2 d4  1/2-1/2

[Event "AUT-chT2S 9495"]
[Site "?"]
[Date "1995.??.??"]
[Round "2"]
[White "Osmanbegovic, Suad"]
[Black "Titz, Heimo"]
[Result "1/2-1/2"]
[WhiteElo "2320"]
[BlackElo "2330"]

1.d4 Nf6 2.c4 e6 3.g3 c5 4.Nf3 cxd4 5.Nxd4 Nc6 6.Bg2 Qb6 7.Nb3 Bb4+ 8.Nc3 d5
9.cxd5 Nxd5 10.O-O Bxc3 11.bxc3 O-O 12.c4 Nde7 13.c5 Qa6 14.Bb2 Rd8 15.Qc2 e5
16.a4 Be6 17.Rfc1 f6 18.Bf1 Na5 19.Nxa5 Qxa5 20.Rab1 Rac8 21.Ba3 Rd7 22.e3 Qd8
23.Qe2 Qe8 24.a5 a6 25.Bb4 Nc6 26.Be1 Qe7 27.Rb6 Nd8 28.Bb4 Nc6 29.Be1 Qf7
30.Qb2 Rcc7 31.h4 Kh8 32.Qc2 Ne7 33.Qb2 Nc6 34.Qc2 Qg6 35.Qxg6 hxg6 36.Bg2 Bd5
37.Bh3 Rd8 38.Rd1 Bf3 39.Rxd8+ Nxd8 40.Bb4 Nc6 41.Be1 f5 42.Kh2 Rd7 43.Rb1 Rd5
44.Rc1 e4 45.Bf1 Ne5 46.Bb4 Nd3 47.Bxd3 Rxd3 48.Bc3 Kh7 49.g4 Bxg4 50.Kg3 Bd1
51.Kf4 Kh6 52.Be5 Rd2 53.Kg3 Ba4 54.Rc4 Bc6 55.Rd4 Rc2 56.Rd8 Kh7 57.Bd4 Rc1
58.Kh2 Rc2 59.Kg3 f4+ 60.exf4 Rd2 61.Kg4 Rd3 62.h5 gxh5+ 63.Kxh5 Ra3 64.f5 Rh3+
65.Kg5 Rh1 66.f6 Rg1+ 67.Kf5 gxf6 68.Bxf6 Rg8 69.Rd1 Rg6 70.Ke6 Rg2 71.Kf7 Rg6
72.Rd8 Rg8 73.Rd1 Be8+ 74.Ke7 Bc6 75.Kf7 Be8+ 76.Ke6 Bc6 77.Kf5 Rg6 78.Rh1+ Rh6
79.Rg1 Rh5+ 80.Kf4  1/2-1/2

[Event "AUT-chT2S 9495"]
[Site "?"]
[Date "1995.??.??"]
[Round "5"]
[White "Osmanbegovic, Suad"]
[Black "Horvath, Tamas"]
[Result "1/2-1/2"]
[WhiteElo "2320"]
[BlackElo "2435"]

1.d4 Nf6 2.c4 e6 3.g3 c5 4.d5 exd5 5.cxd5 d6 6.Bg2 g6 7.Nf3 Bg7 8.O-O b5
9.a4 b4 10.Nbd2 Nbd7 11.e4 O-O 12.Qc2 Ba6 13.Nc4 Nb6 14.Nfd2 Ng4 15.Nxb6 axb6
16.Nc4 Bd4 17.h3 Bxc4 18.Qxc4 Ne5 19.Qc2 f5 20.Kh2 fxe4 21.Bxe4 Nf3+ 22.Kg2 Qf6
23.Qe2 Ng5 24.Bxg5 Qxg5 25.Qc2 Rae8 26.Rae1 b3 27.Qd1 Re7 28.f4 Qf6 29.Qxb3 Rfe8
30.Qc2 Bxb2 31.Re2 Bd4 32.h4 c4 33.Rfe1 c3 34.Qd3 Kg7 35.Bf3 Rxe2+ 36.Rxe2 Rxe2+
37.Bxe2 Bc5 38.Qe4 Kf8 39.Bd3 Qe7 40.Kf3 Kf7 41.h5 Qxe4+ 42.Bxe4 Kg7  1/2-1/2

[Event "AUT-chT2O 9596"]
[Site "AUT"]
[Date "1995.??.??"]
[Round "1"]
[White "Rockenschaub, Manfred"]
[Black "Denk, Adolf"]
[Result "1/2-1/2"]
[WhiteElo "2220"]
[BlackElo "2265"]

1.d4 Nf6 2.c4 e6 3.g3 c5 4.d5 exd5 5.cxd5 g6 6.Bg2 d6 7.Nc3 Bg7 8.e4 O-O
9.Nge2 a6 10.a4 Nbd7 11.a5 b5 12.axb6 Nxb6 13.O-O Nfd7 14.Qc2 c4 15.Na4 Nxa4
16.Rxa4 Ne5 17.Ra3 Rb8 18.Nc3 Nd3 19.b3 Nxc1 20.Rxc1 cxb3 21.Rxb3 Rxb3 22.Qxb3 Qa5
23.Na2 Bd7 24.Bf1 f5 25.exf5 Bxf5 26.Qc4 Bc8 27.Kg2 Qd2 28.Be2 Bd4 29.Rf1 Bf5
30.Nc1 Rc8 31.Nb3 Bh3+ 32.Kg1 Rxc4 33.Nxd2 Rc2 34.Rd1 a5 35.Bf3 Bc5 36.Ne4 a4
37.Ra1 Bb4 38.Bd1 Rc4 39.Ng5 Bd7 40.Bxa4 Bc3 41.Bb3 Bxa1 42.Bxc4 Bf5 43.Kf1 h6
44.Nf3 g5 45.Ke1 Bc3+ 46.Kd1 Kf7 47.Ke2 Kf6 48.Ke3 Bb4 49.Nd4 Bc5 50.f4 gxf4+
51.gxf4 Bh3 52.Bd3 Bg2 53.Be4 Bf1 54.Bh7 Bg2 55.Bg8 Bf1 56.Be6 Ba6 57.Ke4 Bf1
58.Nc6 Bg1 59.h3 Bg2+ 60.Kd3 Bh2 61.Ke3 Bg1+ 62.Ke2 Bh2 63.Kf2 Bh1  1/2-1/2

[Event "Oberliga Bayern9495"]
[Site "Bayern"]
[Date "1995.??.??"]
[Round "3"]
[White "Lentrodt, Thomas"]
[Black "Grabert, Ralf"]
[Result "1-0"]
[WhiteElo "2285"]
[BlackElo "2220"]

1.d4 Nf6 2.c4 e6 3.g3 c5 4.d5 exd5 5.cxd5 d6 6.Bg2 g6 7.Nf3 Bg7 8.O-O O-O
9.Nc3 a6 10.a4 Nbd7 11.Nd2 Rb8 12.Nc4 Ne8 13.Bf4 Nb6 14.Na3 Bd7 15.a5 Na8
16.Nc4 Bb5 17.Qb3 Bxc4 18.Qxc4 Nec7 19.Ne4 Nb5 20.Ra2 h6 21.b4 b6 22.axb6 Nxb6
23.Qc1 Nxd5 24.bxc5 Nxf4 25.Qxf4 dxc5 26.Nxc5 Nc3 27.Rd2 Qe7 28.Ne4 Nxe4
29.Qxe4 Qf6 30.Qa4 Rfd8 31.Bd5 Bf8 32.e4 Kg7 33.Ra2 Rb6 34.Kg2 Rdb8 35.Rc1 Rb2
36.Rc2 Rxa2 37.Rxa2 Rb6 38.Qe8 Bd6 39.Rc2 Qe7 40.Qa8 Bc5 41.Qc8 Bd6 42.f4 Rb5
43.Qc6 Bb8 44.Kf3 Ba7 45.Qc7 Qa3+ 46.Rc3  1-0

[Event "Berliner Sommer"]
[Site "Berlin"]
[Date "1995.??.??"]
[Round "6"]
[White "Sadiku, Bedri"]
[Black "Levin, Felix"]
[Result "0-1"]
[WhiteElo "2380"]
[BlackElo "2490"]

1.c4 e6 2.d4 Nf6 3.g3 c5 4.Nf3 cxd4 5.Nxd4 Qc7 6.Qa4 b6 7.Bg2 Bb7 8.O-O Bxg2
9.Kxg2 Be7 10.Nd2 O-O 11.Qc2 Rc8 12.Qd3 a6 13.b3 Nc6 14.Nxc6 Qxc6+ 15.Kg1 b5
16.Bb2 d5 17.cxd5 Qxd5 18.Qxd5 Nxd5 19.Rac1 Bg5 20.f4 Be7 21.Nf3 Bc5+ 22.Bd4 Ba3
23.Rxc8+ Rxc8 24.e4 Nc3 25.Bxc3 Rxc3 26.Kg2 Kf8 27.Rd1 Bb4 28.Rd8+ Ke7 29.Ra8 Rc2+
30.Kh3 Rxa2 31.Ra7+ Kd6 32.Rxf7 a5 33.Nd4 Kc5 34.Nxe6+ Kc6 35.Nc7 Rd2 36.e5 a4
37.bxa4 bxa4 38.e6 Rd4  0-1

[Event "SWE-ch"]
[Site "Borlange"]
[Date "1995.??.??"]
[Round "8"]
[White "Wessman, Richard"]
[Black "Sjoberg, Mats"]
[Result "0-1"]
[WhiteElo "2440"]
[BlackElo "2450"]

1.d4 Nf6 2.c4 e6 3.g3 c5 4.Nf3 cxd4 5.Nxd4 Bb4+ 6.Nc3 Ne4 7.Bd2 Bxc3 8.bxc3 b6
9.Nb5 Bb7 10.Bf4 O-O 11.f3 a6 12.Nd6 Nxd6 13.Bxd6 Re8 14.Rb1 Nc6 15.e4 Na7
16.c5 b5 17.c4 Bc6 18.Qd2 f5 19.Bg2 bxc4 20.O-O Nb5 21.Be5 Qe7 22.Qe3 d6
23.cxd6 Nxd6 24.Rb6 Rac8 25.Rxa6 Nf7 26.Ra7 Qd8 27.Bd4 Ra8 28.Rxa8 Qxa8 29.Bc3 fxe4
30.fxe4 Qxa2 31.Ra1 Qc2 32.Qd4 e5 33.Qxc4 Bd7 34.Ra3 Rc8 35.Qb3 Qc1+ 36.Bf1 Bh3
37.Ra1 Qe3+ 38.Kh1  0-1